zpět

Detail výsledku týmu

Na Hřišti Doloplazy, Doloplazy

Datum a čas kvízu

15.5 Celkem bodů Celkový počet nahraných bodů na tomto kvízu bez doplňovacích otázek.
4. Pořadí na kvízu Konečné umístění týmu na tomto kvízu.

Zaznamenané odpovědi

# Otázka Odpověď Body Výsledky
1. Který ze zamýšlených uchazečů... Miroslav Kalousek 0
2. Po několik posledních týdnů by... Severní Korea 1
3. Do českých kin vstoupil minulý... ve vlaku 1
4. Minulý týden jsme se dozvěděli... Prima TV 1
5. První velké překvapení jarní č... Slavia Praha - MFK Karviná 0:1 0.5
6. Patrně nejznámější čarodějnicí... Kirké 0
7. Čaroděj Rumburak ve filmu z ro... Václav Vorlíček 0
8. Nechvalnou součástí historie j... Salem 0
9. Ve filmové adaptaci knihy Čaro... (Somewhere) Over the Rainbow 0
10. Tato legendární postava Lužick... Krabat 0